000
00310nam a22001337a 4500
008
181102b xxu||||| |||| 00| 0 eng d
020
_a
0893890227
041
_a
eng
080
_a
612.39
100
_a
10
101
_a
NUT
245
_a
Diet & Nutrition a holistic approach
_c
Ballentine,R
942
_2
udc
_c
BK
999
_c
51678
_d
51678